Missing Word: CBS Shows (1980s) Quiz Stats

Quiz Updated Oct 14, 2016

Challenge
Share
Tweet
Embed
Score 0/20 Timer 02:00
3 Plays Today
Television Series Missing Word % Correct
Murder, She _____Wrote
97.6%
Beauty and the _____Beast
96.2%
_____, P.I.Magnum
93.4%
Cagney & _____Lacey
84.5%
Murphy _____Brown
81.4%
_____ in ChargeCharles
80.3%
Press Your _____Luck
79.2%
Designing _____Women
75.6%
_____ CrestFalcon
71.9%
The _____ Twilight ZoneNew
67%
Television Series Missing Word % Correct
Crazy Like a _____Fox
63.6%
_____ and the FatmanJake
63.2%
_____ BenjaminPrivate
61.9%
Whiz _____Kids
61.3%
_____ & AllieKate
60.9%
Simon and _____Simon
54.9%
_____ PegsSquare
54.3%
Tour of _____Duty
51%
_____ 911Rescue
26.7%
Dolphin _____Cove
8.3%

Today's Daily Dose

Missing Word
Ubisoft Games

Word Ladder
Physics Phun

Quick Pick
Me an EGOT II

On This Day
May 27th II

You're not logged in!

Compare scores with friends on all Sporcle quizzes.
Join for Free
OR
Log In

You Might Also Like...

Show Comments

Extras

Top Quizzes Today


Score Distribution

Your Account Isn't Verified!

In order to create a playlist on Sporcle, you need to verify the email address you used during registration. Go to your Sporcle Settings to finish the process.

Report this User

Report this user for behavior that violates our Community Guidelines.

Details: